000
00289nam a22001337a 4500
008
210428b ||||| |||| 00| 0 eng d
041
_a
eng
080
_a
574
082
_a
574
100
_a
9
101
_a
MJE
245
_a
The New Book of Popular Science
_c
Grolier,
942
_2
udc
_c
BK
999
_c
56876
_d
56876